Histoire parlementaire des finances de la Restauration / (Record no. 22542)

MARC details
000 -LEADER
fixed length control field 00619cam a22002051a 4500
001 - CONTROL NUMBER
control field f 01001181
003 - CONTROL NUMBER IDENTIFIER
control field DLC
005 - DATE AND TIME OF LATEST TRANSACTION
control field 20260227111239.0
008 - FIXED-LENGTH DATA ELEMENTS--GENERAL INFORMATION
fixed length control field 811027m18681870fr 000 0 fre
010 ## - LIBRARY OF CONGRESS CONTROL NUMBER
LC control number f 01001181
035 ## - SYSTEM CONTROL NUMBER
System control number (OCoLC)7883625
040 ## - CATALOGING SOURCE
Original cataloging agency DLC
Transcribing agency KU
Modifying agency KU
-- DLC
050 00 - LIBRARY OF CONGRESS CALL NUMBER
Classification number HJ1087
Item number .C23
100 1# - MAIN ENTRY--PERSONAL NAME
Personal name Calmon, Marc Antoine,
Dates associated with a name 1815-1890.
245 10 - TITLE STATEMENT
Title Histoire parlementaire des finances de la Restauration /
Statement of responsibility, etc. par A. Calmon.
260 ## - PUBLICATION, DISTRIBUTION, ETC.
Place of publication, distribution, etc. Paris :
Name of publisher, distributor, etc. M. Lévy,
Date of publication, distribution, etc. 1868-1870.
300 ## - PHYSICAL DESCRIPTION
Extent 2 v. ;
Dimensions 22 cm.
650 #0 - SUBJECT ADDED ENTRY--TOPICAL TERM
Topical term or geographic name entry element Finance
Geographic subdivision France
General subdivision History.
651 #0 - SUBJECT ADDED ENTRY--GEOGRAPHIC NAME
Geographic name France
General subdivision Politics and government
Chronological subdivision 1814-1830.

No items available.

Powered by Koha